Online
Catalog
Normal view MARC view

Entry Nombre personal

Number of records used in: 8

001 - NÚMERO DE CONTROL

  • campo de control: 86902

003 - IDENTIFICADOR DEL NÚMERO DE CONTROL

  • campo de control: BNPHU

005 - FECHA Y HORA DE LA ÚLTIMA TRANSACCIÓN

  • campo de control: 20250122105004.0

008 - DATOS DE LONGITUD FIJA

  • campo de control de longitud fija: 250122|| aca||aabn | a|a d

010 ## - NÚMERO DE CONTROL DE LA BIBLIOTECA DEL CONGRESO

  • Número de control de LC: n 2004032032

040 ## - FUENTE DE LA CATALOGACIÓN

  • Centro catalogador/agencia de origen: DO-SdBNP
  • Centro/agencia transcriptor: DO-SdBNP

100 1# - ENCABEZAMIENTO-NOMBRE DE PERSONA

  • Nombre de persona: Lugo Ramírez, Doris E.
  • Fechas asociadas al nombre: 1965-

370 ## - LUGAR ASOCIADO

  • Lugar de nacimiento: Santurce, Puerto Rico

372 ## - CAMPO DE ACTIVIDAD

  • Campo de actividad: Asesora de Educativa en Programs del Departamento de Educación
  • Campo de actividad: Doctorado por la Universidad de Sevilla, España
  • Campo de actividad: Actualmente se dedica a la escritura creativa y encomendada , a la edición, a la consultoría para la investigación y la implementación de proyectos de enfoques interdisciplinarios a través de la Cooperativa para la Reinvención y la Acción: CoopERA , de la que es socia fundadora.

375 ## - GÉNERO/SEXO

  • Género/Sexo: Femenino

377 ## - LENGUA/LENGUAJE ASOCIADO

  • Código del idioma: spa
  • Término de lengua/lenguaje: Español

400 1# - TRAZADO DE VÉASE--NOMBRE DE PERSONA

  • Nombre de persona: Ramírez, Doris E. Lugo,
  • Fechas asociadas al nombre: 1965-

670 ## - FUENTE DE DATOS ENCONTRADOS

  • Cita de la fuente: Work cat.: (DO-SdBNP)2690: Lugo Ramírez, Doris E. 1965-, El narratario infantil en cuentos de José Martí, Horacio Quiroga, Camilo José Cela y Rosario Ferré /, 2002.

670 ## - FUENTE DE DATOS ENCONTRADOS

  • Cita de la fuente:
  • Identificador Uniforme del Recurso: https://authorities.loc.gov/cgi-bin/Pwebrecon.cgi?AuthRecID=6355739&v1=1&HC=1&SEQ=20250122100509&PID=lq_MBwZQtp5D04ZuArKeDyo8kcyp Consultado en 22 de enero de 2025

Powered by Koha